Eastern Utah Libraries Catalog: Duchesne, Heber, Roosevelt, & Vernal

This vicious grace / (Record no. 392047)

MARC details
000 -LEADER
fixed length control field 02282pam a2200577 i 4500
001 - CONTROL NUMBER
control field 3283178
005 - DATE AND TIME OF LATEST TRANSACTION
control field 20240108180550.0
008 - FIXED-LENGTH DATA ELEMENTS--GENERAL INFORMATION
fixed length control field 220207s2022 nyua d 000 1 eng
010 ## - LIBRARY OF CONGRESS CONTROL NUMBER
LC control number 2022003923
020 ## - INTERNATIONAL STANDARD BOOK NUMBER
International Standard Book Number 9781250794055
Qualifying information (hardcover) :
Terms of availability $18.99
020 ## - INTERNATIONAL STANDARD BOOK NUMBER
International Standard Book Number 1250794056 :
Terms of availability $18.99
020 ## - INTERNATIONAL STANDARD BOOK NUMBER
Cancelled/invalid ISBN 9781250794062
Qualifying information (ebook)
035 ## - SYSTEM CONTROL NUMBER
System control number (OCoLC)1263339069
035 ## - SYSTEM CONTROL NUMBER
System control number (OCoLC)on1263339069
035 ## - SYSTEM CONTROL NUMBER
System control number 3264892
040 ## - CATALOGING SOURCE
Original cataloging agency DLC
Language of cataloging eng
Description conventions rda
Transcribing agency DLC
042 ## - AUTHENTICATION CODE
Authentication code pcc
-- lcac
050 00 - LIBRARY OF CONGRESS CALL NUMBER
Classification number PZ7.1.T44748
Item number Th 2022
082 00 - DEWEY DECIMAL CLASSIFICATION NUMBER
Classification number [Fic]
Edition number 23
092 ## - LOCALLY ASSIGNED DEWEY CALL NUMBER (OCLC)
Classification number young adult fiction
Item number Thiede
100 1# - MAIN ENTRY--PERSONAL NAME
Personal name Thiede, Emily,
Relator term author.
9 (RLIN) 6480026
245 10 - TITLE STATEMENT
Title This vicious grace /
Statement of responsibility, etc Emily Thiede.
250 ## - EDITION STATEMENT
Edition statement First edition.
264 #1 - Production, Publication, Distribution, Manufacture, and Copyright Notice.
Place of production, publication, distribution, manufacture New York :
Name of producer, publisher, distributor, manufacturer Wednesday Books,
Date of production, publication, distribution, manufacture, or copyr 2022.
300 ## - PHYSICAL DESCRIPTION
Extent 436 pages :
Other physical details illustrations ;
Dimensions 22 cm.
336 ## - Content Type
Content type term text
337 ## - Media type
Media type term unmediated
338 ## - Carrier type
Carrier type term volume
490 0# - SERIES STATEMENT
Series statement The last Finestra ;
Volume number/sequential designation 1
520 ## - SUMMARY, ETC.
Summary, etc When eighteen-year-old Alessa's power to slay demons mysteriously disappears, she hires Dante, a cynical outcast marked as a killer, to become her bodyguard, and soon discovers he is either the one person who can help her master her gift or the one who destroys her.
521 ## - TARGET AUDIENCE NOTE
Target audience note Ages 13-18.
Source Wednesday Books.
521 1# - TARGET AUDIENCE NOTE
Target audience note 12-19
Source Brodart.
521 2# - TARGET AUDIENCE NOTE
Target audience note 7-12
Source Brodart.
650 #1 - SUBJECT ADDED ENTRY--TOPICAL TERM
Topical term or geographic name as entry element Fantasy.
650 #0 - SUBJECT ADDED ENTRY--TOPICAL TERM
Topical term or geographic name as entry element Islands
Form subdivision Juvenile fiction.
9 (RLIN) 5675668
650 #0 - SUBJECT ADDED ENTRY--TOPICAL TERM
Topical term or geographic name as entry element Magic
Form subdivision Juvenile fiction.
9 (RLIN) 5673690
650 #1 - SUBJECT ADDED ENTRY--TOPICAL TERM
Topical term or geographic name as entry element Islands
Form subdivision Fiction.
9 (RLIN) 5673780
650 #1 - SUBJECT ADDED ENTRY--TOPICAL TERM
Topical term or geographic name as entry element Magic
Form subdivision Fiction.
9 (RLIN) 5673694
650 #7 - SUBJECT ADDED ENTRY--TOPICAL TERM
Topical term or geographic name as entry element YOUNG ADULT FICTION / Fantasy / Romance.
Source of heading or term bisacsh
9 (RLIN) 6451540
650 #7 - SUBJECT ADDED ENTRY--TOPICAL TERM
Topical term or geographic name as entry element YOUNG ADULT FICTION / Fantasy / Dark Fantasy.
Source of heading or term bisacsh
9 (RLIN) 5739377
650 #7 - SUBJECT ADDED ENTRY--TOPICAL TERM
Topical term or geographic name as entry element YOUNG ADULT FICTION / Romance.
Source of heading or term bisacsh
9 (RLIN) 5731005
655 #0 - INDEX TERM--GENRE/FORM
Genre/form data or focus term Fantasy fiction.
655 #7 - INDEX TERM--GENRE/FORM
Genre/form data or focus term Fantasy fiction.
Source of term gsafd
655 #7 - INDEX TERM--GENRE/FORM
Genre/form data or focus term Fantasy fiction.
Source of term lcgft
942 ## - ADDED ENTRY ELEMENTS (KOHA)
Source of classification or shelving scheme Dewey Decimal Classification
Koha item type BOOK
Holdings
Withdrawn status Lost status Source of classification or shelving scheme Damaged status Not for loan Collection code Home library Current library Shelving location Date acquired Source of acquisition Serial Enumeration / chronology Total Checkouts Total Renewals Full call number Barcode Date last seen Date checked out Cost, replacement price Price effective from Koha item type
    Dewey Decimal Classification     Young Adult Fiction Wasatch County Library Wasatch County Library Main Floor Teen Area 01/08/2024 Micromarketing #1 Last Finestra 2 1 YA Thiede 34301002061903 09/19/2025 09/18/2025 20.00 01/08/2024 BOOK
This project was made possible through a grant from the Institute of Museum and Library Service administered by the Utah State Library Division.

Wasatch County Library

  • 465 East 1200 South, Heber City, Utah 84032
  • Phone 435-654-1511 | Fax 435-654-6456

Hours

  • Monday - Friday 9:30 AM - 8:00 PM
  • Saturday 9:30 AM - 1:30 PM
  • Closed Sundays and Holidays